000 00649nam a2200193 a 4500
001 000016088
005 20250307125146.0
008 100225s2007 dr c 001 0 spa d
020 _a9789945161342
040 _aDO-SdBNP
_bspa
_cBNPHU
082 _axxx
_bV297r
100 1 _aVargas, José Rafael
_921851
245 1 0 _aRD avanza hacia la sociedad de la información :
_bdesafíos y logros de las telecomunicaciones /
_cJosé Rafael Vargas.
260 _aSanto Domingo :
_bINDOTEL,
_c2007.
300 _a31 p. :
_bretrs. ;
_c22 cm.
500 _aIncluye datos biográficos del autor en la contracubierta
710 2 _aINDOTEL
_917928
049 _aBNPD
999 _c15629
_d15629